00697nam a2200229Ia 450000100060000000300090000600800410001504000130005604000130006904100130008210000220009510000290011724500330014624500840017925000110026326000120027426000180028626000490030430000550035365000280040865000310043679299IT-RoPAU130308s9999 xx 000 0 und d aIT-RoPAU cIT-RoPAU aITALIANO aZanussi Krzysztof gCodice Aut. SPICS: 3377 aEquivoco dell'occidente (L') bFuoco (Il), L'Acqua, L'Ombra-Andrej Tarkovskij: Il Cinema Fra Poesia e Profezia a1a ed. aFIRENZE bLa Casa Usher c1989 [1° Ed.:1989 - Ed.Ling.Originale:1987] a"3 p. (prefazione: no ; testo: 3 [pagine: 60-62])" aAUTORI/OPERE DEL CINEMA eCodice materia Spics: 6807